Football Teams Luka Modrić Played For - Statistics

General Stats
  • This quiz has been taken 156 times
  • The average score is 4 of 6
Answer Stats
League Years Team % Correct
Spain 2012- Real Madrid
98%
England 2008-2012 Tottenham Hotspur
95%
Croatia 2002-2003 GNK Dinamo Zagreb
84%
Croatia 2005-2008 GNK Dinamo Zagreb
84%
Bosnia and Herzegovina 2003-2004 HŠK Zrinjski Mostar
26%
Croatia 2004-2005 NK Inter Zaprešić
20%
No matching quizzes found
Score Distribution
Percent of People with Each Score
Percentile by Number Answered
Your Score History
You have not taken this quiz